Famous 'Sh' People Quiz Stats

 Plays Quiz Updated Oct 15, 2015

Also try: Famous 'Ha' People
Challenge
Share
Tweet
Score 0/20 Timer 05:00
5 Plays Today
% Correct
Charlie Sheen
96.3%
William Shakespeare
92.2%
William Shatner
84.5%
Maria Sharapova
71.2%
Shakira
70.8%
Tupac Shakur
69.2%
Ed Sheeran
68.9%
Brooke Shields
65.8%
Martin Short
63.1%
Omar Sharif
45%
% Correct
Cybill Shepherd
43.7%
Ravi Shankar
43.3%
Molly Shannon
41.6%
Pauly Shore
33.9%
Nicollette Sheridan
24%
Shaggy
22.5%
M. Night Shyamalan
21.9%
Ally Sheedy
20.8%
Alan Shearer
20.1%
Mike Shinoda
6.2%

You're not logged in!

Compare scores with friends on all Sporcle quizzes.
Join for Free
OR
Log In

You Might Also Like...

Show Comments

Extras

Top Quizzes Today


Score Distribution

Your Account Isn't Verified!

In order to create a playlist on Sporcle, you need to verify the email address you used during registration. Go to your Sporcle Settings to finish the process.

Report this User

Report this user for behavior that violates our Community Guidelines.

Details: